MDQL
is popping MORE tags! Check the
thread
!
Quizzes
Events
Quiz Creation
Community
Videos
Private Events
Remove Ads
Sign In
Join for FREE
Feedback
Dark Mode
Quiz Categories
Sports
Geography
Music
Movies
Television
Just For Fun
Miscellaneous
History
Literature
Language
Science
Gaming
Entertainment
Religion
Holiday
For Kids
Quiz Lab
Recent
Popular Today
Quiz Kudos Today
Editor Picks
Curator Picks
Quizzes by...
Day
Popularity
Type
Ratings
Length
Year
Community
Subscriptions
Recent Discussions
Orange Saloon
Badges
Playlists
Quests
Create
Leaderboards
Showdown
Live 5
Trivia Bingo
Activity
Puzzle Library
Sporcle Events
Private Events
Virtual Trivia
Globe League
Become a Host
Pub Owners
SporcleCon
Opinionation
Our Games
Videos
Blog
Mobile Apps
Partnerships
Remove Ads and Go Orange
Feedback
Sports
Athletes
MLB
NBA
NHL
NFL
Soccer
Sports Teams
WWE
NCAA
Football
Premier League
Basketball
Baseball
Hockey
Golf
Tennis
Cricket
Rugby
Auto Racing
Olympics
World Cup
Sports
Athletes
MLB
NBA
NHL
NFL
Soccer
Sports Teams
WWE
NCAA
Football
Premier League
Basketball
Baseball
Hockey
Golf
Tennis
Cricket
Rugby
Auto Racing
Olympics
World Cup
Random Quiz
Search Sporcle
×
Quiz Lab
Quiz Lab
Sports
Olympics
Type in answers that appear in a list
Type in answers that appear in a list
Classic
Best Score? Go Orange.
Medal-less Countries Stats
Can you name the the countries that have never won an olympic medal?
By
pikenationblows
20m
79 Questions
99 Plays
99 Plays
99 Plays
Comments
Comments
Give Quiz Kudos
Give Quiz Kudos
-
- Ratings
hide this ad
Replay
Link that replays current quiz
Next Quiz
Link to next quiz in quiz playlist
You Got
0%
They Got
Avg Score
60%
Avg Friend Score
Upgrade to see
Score Distribution
Jump to the score distribution portion of the page
Score
0/79
Timer
20:00
0
Plays Today
% Correct
Andorra
81.8%
Chad
78.8%
Oman
78.8%
Yemen
77.8%
Fiji
74.7%
Nauru
74.7%
Saint Kitts and Nevis
74.7%
San Marino
74.7%
Seychelles
73.7%
Solomon Islands
73.7%
Benin
72.7%
Dominica
72.7%
Lesotho
72.7%
Nicaragua
72.7%
Tuvalu
72.7%
Guatemala
71.7%
Guinea
71.7%
Madagascar
71.7%
Marshall Islands
71.7%
Palau
71.7%
Rwanda
71.7%
Guinea-Bissau
70.7%
Honduras
70.7%
Laos
70.7%
Mali
70.7%
Malta
70.7%
Monaco
70.7%
Belize
69.7%
Samoa
69.7%
Vanuatu
69.7%
Malawi
68.7%
Swaziland
68.7%
Turkmenistan
68.7%
Bhutan
67.7%
Comoros
67.7%
El Salvador
67.7%
Sao Tome and Principe
67.7%
Equatorial Guinea
66.7%
Micronesia
66.7%
Saint Lucia
66.7%
% Correct
Cambodia
65.7%
Cyprus
65.7%
Kiribati
65.7%
Nepal
65.7%
Grenada
64.6%
Mauritania
64.6%
Somalia
64.6%
Gambia
63.6%
Papua New Guinea
63.6%
Central African Republic
61.6%
Saint Vincent and the Grenadines
61.6%
Cape Verde
60.6%
Gabon
60.6%
Sierra Leone
60.6%
Bahrain
59.6%
Bangladesh
59.6%
Brunei
59.6%
Burkina Faso
59.6%
Liberia
59.6%
Antigua and Barbuda
58.6%
Angola
56.6%
Libya
56.6%
Botswana
55.6%
Jordan
55.6%
Montenegro
54.5%
Albania
53.5%
Bolivia
53.5%
Myanmar
53.5%
Democratic Republic of the Congo
50.5%
Timor-Leste
45.5%
Bosnia and Herzegovina
42.4%
Guam
23.2%
Palestine
21.2%
Congo
20.2%
Aruba
18.2%
American Samoa
13.1%
Cayman Islands
7.1%
Cook Islands
7.1%
British Virigin Islands
0%
Quiz Playlist
Details
Report
Send in Message
Add To Playlist
Classic:
Type in answers that appear in a list
Quiz Source
Last Updated: Feb 16, 2017
Quiz Scoreboard
CHALLENGE
Sign Up to Join the Scoreboard
Show All
Scores
Hide
Comments
May contain spoilers
Recently Published
Two Season TV Shows II
by 123Four
Television
10m
Image Sorting: Flags VI
by Barbecue
Geography
2m
Find the 'City' Movie
by crazypaving
Movies
60s
More to Explore
Quiz From the Vault
Featured Blog Post
14 Easter Pick-up Lines to Find Eggs With
hide this ad
You Might Also Like...
Tags
Country Quiz
Olympics Quiz
Medal
Medal-less
Never
Won
Today's Top Quizzes in Sports
Browse Sports
hide this ad
Today's Top Quizzes in Olympics
Browse Olympics
Top Contributed Quizzes in Sports
1
Les meilleurs buteurs des matchs entre le PSG et l’OM
2
Les entraîneurs de l'OM et du PSG au 21e siècle
3
2022 World Cup Stars
4
Les joueurs passés par le PSG et l'OM
5
Players with Multiple 50 Home Run Seasons
6
FIFA Club World Cup Champions
7
Criteria MLB: Left Handed Sluggers
8
Les joueurs passés par le LOSC et le RC Lens
9
Top 10 NHL Goal Scorers of All Time
10
MLB Players with Two .350 Batting Average Seasons
Explore More
Trending Topics
Disney
Kpop
NBA
Crossword
Anime
Harry Potter
Marvel
Soccer
Pokémon
NFL
Song
The Office
Country
Puzzle
WWE
hide this ad
More By:
pikenationblows
Quiz
Plays
Rating
Category
Featured
Created
Medal-less Countries
99
1.67
Sports
Dec 15, 2009
Go to Creator's Profile
Score Distribution
Quiz Creator Spotlight
pikenationblows
Follow
Send a Message
Quizzes Created
-
Created Quiz Play Count
-
More By This Creator
Popular Quizzes Today
1
Find the US States - No Outlines Minefield
2
Colored Red Africa Blitz
3
Find the 'City' Movie
4
5x2 Blitz: Bands
5
The Countries of the World
6
Find the Countries of Europe - No Outlines Minefield
7
Find the US States
8
US States
More Sports Quizzes
Big 4 Sports Teams by Letter Blitz
Published
Trending Quizzes
Colored Red Europe Blitz I
Colored Red Africa Blitz II
Colored Red Europe Blitz II
Colored Red Europe Blitz III
Colored Red Africa Blitz III
Recently Updated
How Do You Spell That?
pecheneg
Godzilla Movies
pecheneg
Grab Bag: 4-10 Letters
pecheneg
2024 March Madness Bracket
pecheneg
Famous TV Couples
Peacemaker
Champions League XIs: Real Madrid
pecheneg
Largest US Cities 1790-2010
pecheneg
Rides in Walt Disney World
pecheneg
Most Oscar Losses (Acting)
pecheneg
Beyoncé Albums
pecheneg
Trending Topics
Marvel
Anime
NBA
Kpop
Disney
Harry Potter
Crossword
Song
Pokémon
Country
Puzzle
Soccer
WWE
NFL
The Office
Your Account Isn't Verified!
In order to create a playlist on Sporcle, you need to verify the email address you used during registration. Go to your
Sporcle Settings
to finish the process.
Report this User
Report this user for behavior that violates our
Community Guidelines
.
Details:
Send Report
Go to the Sporcle.com Mobile Site →
Comments